Special souvenir: (Record no. 7711)
[ view plain ]
| 000 -LEADER | |
|---|---|
| fixed length control field | 00391nam a2200145Ia 4500 |
| 003 - CONTROL NUMBER IDENTIFIER | |
| control field | GBCCL |
| 005 - DATE AND TIME OF LATEST TRANSACTION | |
| control field | 20241126110634.0 |
| 008 - FIXED-LENGTH DATA ELEMENTS--GENERAL INFORMATION | |
| fixed length control field | 180912b ||||| |||| 00| 0 eng d |
| 040 ## - CATALOGING SOURCE | |
| Transcribing agency | GBC |
| 082 ## - DEWEY DECIMAL CLASSIFICATION NUMBER | |
| Classification number | SOU SPE |
| Item number | 2007 |
| 245 ## - TITLE STATEMENT | |
| Title | Special souvenir: |
| Remainder of title | Young Paite Association Imphal block / |
| Statement of responsibility, etc. | chief editor, G Tuankholian |
| 260 ## - PUBLICATION, DISTRIBUTION, ETC. | |
| Date of publication, distribution, etc. | 2007 |
| Place of publication, distribution, etc. | Imphal: |
| Name of publisher, distributor, etc. | YPA |
| 300 ## - PHYSICAL DESCRIPTION | |
| Extent | 94p. ; |
| 942 ## - ADDED ENTRY ELEMENTS (KOHA) | |
| Source of classification or shelving scheme | Dewey Decimal Classification |
| Koha item type | Archives |
| Withdrawn status | Lost status | Source of classification or shelving scheme | Damaged status | Not for loan | Home library | Current Library | Shelving location | Date acquired | Total checkouts | Full call number | Barcode | Date last seen | Copy number | Price effective from | Koha item type |
|---|---|---|---|---|---|---|---|---|---|---|---|---|---|---|---|
| Dewey Decimal Classification | GRACE BIBLE COLLEGE | GRACE BIBLE COLLEGE | Archives | 2018-09-12 | SOU SPE 2007 | 250083 | 2025-05-01 | c.1 | 2018-09-12 | Archives | |||||
| Dewey Decimal Classification | GRACE BIBLE COLLEGE | GRACE BIBLE COLLEGE | Archives | 2018-09-12 | SOU SPE 2007 | 250084 | 2025-05-01 | c.2 | 2018-09-12 | Archives |